| 000 | 00000nas 2200000zi 4500 |
| 001 | 9.920515 |
| 003 | CaOODSP |
| 005 | 20230915114404 |
| 006 | m o d f |
| 007 | cr ||||||||||| |
| 008 | 230302c20169999qucar p o f0###b0fre|d |
| 022 | |a2817-2361 |
| 040 | |aCaOODSP|bfre|erda|cCaOODSP |
| 043 | |an-cn--- |
| 086 | |aCH1-48F-PDF |
| 110 | 1 |aCanada. |bPatrimoine canadien, |eauteur, |eorganisme de publication. |
| 222 | 0|aAnnexe à la déclaration de responsabilité de la direction, y compris le contrôle interne en matière de rapports financiers pour l'exercice terminé le ... |
| 245 | 10|aAnnexe à la déclaration de responsabilité de la direction, y compris le contrôle interne en matière de rapports financiers pour l'exercice terminé le ... |
| 264 | 1|a[Gatineau, Québec] : |bPatrimoine canadien, |c[2017]- |
| 310 | |aAnnuel |
| 336 | |atexte|btxt|2rdacontent/fre |
| 337 | |ainformatique|bc|2rdamedia/fre |
| 338 | |aressource en ligne|bcr|2rdacarrier/fre |
| 362 | 1 |aParaît depuis 31 mars 2016. |
| 500 | |aPublié aussi en anglais sous le titre : Annex to the statement of management responsibility including internal control over financial reporting for the fiscal year ended ... |
| 588 | |aDescription d'après : 2021/2022. |
| 588 | |aDernière livraison consultée : 2021/2022. |
| 610 | 16|aCanada. |bPatrimoine canadien|vPériodiques. |
| 650 | 6|aFinances publiques|zCanada|vPériodiques. |
| 655 | 7|aPériodiques|2rvmgf |
| 775 | 08|tAnnex to the statement of management responsibility including internal control over financial reporting for the fiscal year ended ...|w(CaOODSP)9.920512 |